000 00425nam a22001457a 4500
005 20180208094050.0
008 180208b xxu||||| |||| 00| 0 eng d
040 _cPK-LaUMT
082 _aPKAC 297.09092
_bSAE-M
100 _aSaeed Akthar
245 _aMuslaman tareekh navees(مسلمان تاریخ نویس)/
_cSaeed Akthar
260 _aلاہور:
_bادارہ معارف اسلامی،
300 _a127
942 _cBK
999 _c102794
_d102794